Geologic map of the Chicken Creek SE quadrangle, Sweetwater County, Wyoming /

Bibliographic Details
Main Author: Roehler, Henry W.
Corporate Author: Geological Survey (U.S.)
Format: Government Document Map
Language:English
Published: Reston, Va. : The Survey, 1978.
Series:Geologic quadrangle map ; GQ-1454.
Subjects:

MARC

Tag First Indicator Second Indicator Subfields
LEADER 00000cem a2200000Ia 4500
001 in00002593513
005 20151201115848.0
007 aj canzn
008 790608s1978 vauag a f 0 eng d
034 1 |a a  |b 24000  |d W1083730  |e W1083000  |f N0410730  |g N0410000 
035 |a (OCoLC)ocm05049446 
035 |a (OCoLC)5049446 
040 |a GIS  |c GIS  |d OCL  |d EYM  |d NMT  |d OCL  |d COP  |d STF  |d MTG  |d UtOrBLW 
043 |a n-us-wy 
049 |a TXAM 
050 1 4 |a G4263.S9C5 1978  |b .R6 
052 |a 4263  |b S9 
074 |a 0619-G-05 
086 0 |a I 19.88:GQ-1454 
100 1 |a Roehler, Henry W. 
245 1 0 |a Geologic map of the Chicken Creek SE quadrangle, Sweetwater County, Wyoming /  |c by Henry W. Roehler ; Department of the Interior, United States Geological Survey. 
246 3 0 |a Chicken Creek SE quadrangle, Sweetwater County, Wyoming 
255 |a Scale 1:24,000  |c (W 108⁰37ʹ30ʺ--W 108⁰30ʹ00ʺ/N 41⁰07ʹ30ʺ--N41⁰00ʹ00ʺ). 
264 1 |a Reston, Va. :  |b The Survey,  |c 1978. 
300 |a 1 map :  |b color ;  |c 58 x 44 cm., on sheet 85 x 108 cm., folded in envelope 30 x 24 cm. 
336 |a cartographic image  |b cri  |2 rdacontent 
337 |a unmediated  |b n  |2 rdamedia 
338 |a sheet  |b nb  |2 rdacarrier 
490 1 |a Geologic quadrangle map ;  |v GQ-1454 
500 |a Relief shown by contours and spot heights. 
500 |a Includes 2 col. cross-sections, index to adjacent quadrangles, columnar sections, and location map. 
500 |a Location map on envelope. 
504 |a Includes bibliographical references. 
500 |a Cartographic material. 
650 0 |a Geology  |z Wyoming  |z Sweetwater County  |v Maps. 
710 2 |a Geological Survey (U.S.) 
830 0 |a Geologic quadrangle map ;  |v GQ-1454. 
994 |a C0  |b TXA 
948 |a cataloged  |b h  |c 2010/04/16  |e rharris  |f 01:38:49 pm 
999 |a MARS 
999 f f |s bf98f3bf-5918-3d56-9db2-bc2802d6441e  |i 40a01a88-9d44-3e77-b0b8-78265e703d3c  |t 0 
952 f f |p normal  |a Texas A&M University  |b College Station  |c Sterling C. Evans Library  |d Evans: Maps File (2nd floor)  |t 0  |e I 19.88:GQ-1454  |h Superintendent of Documents classification  |i unmediated -- sheet  |m A14839058744 
998 f f |a I 19.88:GQ-1454  |t 0  |l Evans: Maps File (2nd floor)